| 000 | 06945cam a22020054i 4500 | ||
|---|---|---|---|
| 003 | PE-LiUPU | ||
| 005 | 20250813165651.0 | ||
| 008 | 150706s2012 mx a rb 000 0 spa d | ||
| 020 | _a9789681845223 | ||
| 035 | _a(Sirsi) i9789681845223 | ||
| 040 |
_aPE-LiUPU _bspa _cPE-LiUPU _erda |
||
| 049 | _aPRUA | ||
| 082 | 0 | 4 |
_a664.024 _bG25 |
| 245 | 0 | 1 |
_aBiotecnología alimentaria / _ccompiladores Mariano García Garibay, Rodolfo Quintero Ramírez, Agustín López-Munguía Canales. |
| 264 | 1 |
_aMéxico : _bLimusa, _c2012. |
|
| 300 |
_a636 páginas : _bilustraciones ; _c26 centímetros |
||
| 336 |
_atext _2rdacontent |
||
| 337 |
_aunmediated _2rdamedia |
||
| 338 |
_avolume _2rdacarrier |
||
| 504 | _aBibliografía : páginas 632-636. | ||
| 505 | 0 | _aLa biotecnología alimentaria. Situación actual y perspectivas -- Introducción general -- Impacto de la ingeniería genética en la biotecnología alimentaria -- Biotecnología vegetal -- La tecnología enzimática -- Impacto de la biotecnología en la nutrición -- Transformación y producción de alimentos -- Productos lácteos -- Productos cárnicos -- Bebidas alcohólicas no destiladas -- Alimentos y bebidas fermentadas tradicionales -- Producción de hongos comestibles -- Proteínas unicelulares -- Producción de materias primas y aditivos -- Aminoácidos -- Biopolímeros -- Amores y sabores -- Colorantes -- Edulcorantes -- Ácidos orgánaicos -- Producción de enzimas microbianas -- Producción de alcohol de Zymomonas mobilis. | |
| 526 | _aP203 | ||
| 526 | _aP200 | ||
| 526 | _aSEG65 | ||
| 526 | _aSEG64 | ||
| 526 | _aSEG63 | ||
| 526 | _aSEG62 | ||
| 526 | _aSEG61 | ||
| 526 | _aSEG60 | ||
| 526 | _aSEG59 | ||
| 526 | _aSEG58 | ||
| 526 | _aSEG57 | ||
| 526 | _aSEG56 | ||
| 526 | _aSEG55 | ||
| 526 | _aSEG54 | ||
| 526 | _aSEG53 | ||
| 526 | _aSEG52 | ||
| 526 | _aSEG51 | ||
| 526 | _aSEG50 | ||
| 526 | _aSEG49 | ||
| 526 | _aSEG48 | ||
| 526 | _aSEG47 | ||
| 526 | _aSEG46 | ||
| 526 | _aSEG24 | ||
| 526 | _aSEG23 | ||
| 526 | _aSEG22 | ||
| 526 | _aSEG21 | ||
| 526 | _aSEG20 | ||
| 526 | _aSEG19 | ||
| 526 | _aSEG18 | ||
| 526 | _aSEG17 | ||
| 526 | _aSEG16 | ||
| 526 | _aSEG14 | ||
| 526 | _aSEG13 | ||
| 526 | _aSEG12 | ||
| 526 | _aSEG11 | ||
| 526 | _aSEG10 | ||
| 526 | _aSEG09 | ||
| 526 | _aSEG06 | ||
| 526 | _aSEG05 | ||
| 526 | _aSEG04 | ||
| 526 | _aSEG03 | ||
| 526 | _aSEG02 | ||
| 526 | _aSEG68 | ||
| 526 | _aSEG66 | ||
| 526 | _aSEG45 | ||
| 526 | _aSEG25 | ||
| 526 | _aSEG01 | ||
| 526 | _aP163 | ||
| 526 | _aP162 | ||
| 526 | _aP161 | ||
| 526 | _aP160 | ||
| 526 | _aP159 | ||
| 526 | _aP158 | ||
| 526 | _aP157 | ||
| 526 | _aP156 | ||
| 526 | _aP155 | ||
| 526 | _aP154 | ||
| 526 | _aP153 | ||
| 526 | _aP152 | ||
| 526 | _aP151 | ||
| 526 | _aP150 | ||
| 526 | _aP149 | ||
| 526 | _aP142 | ||
| 526 | _aP141 | ||
| 526 | _aP140 | ||
| 526 | _aP139 | ||
| 526 | _aP138 | ||
| 526 | _aP137 | ||
| 526 | _aP132 | ||
| 526 | _aP131 | ||
| 526 | _aP130 | ||
| 526 | _aP126 | ||
| 526 | _aP125 | ||
| 526 | _aP124 | ||
| 526 | _aP123 | ||
| 526 | _aP115 | ||
| 526 | _aP122 | ||
| 526 | _aP121 | ||
| 526 | _aP116 | ||
| 526 | _a P114 | ||
| 526 | _aP112 | ||
| 526 | _aP111 | ||
| 526 | _aP104 | ||
| 526 | _aP103 | ||
| 526 | _aP102 | ||
| 526 | _aP101 | ||
| 526 | _aP100 | ||
| 526 | _aP96 | ||
| 526 | _aP95 | ||
| 526 | _aP93 | ||
| 526 | _aP92 | ||
| 526 | _aP91 | ||
| 526 | _aP88 | ||
| 526 | _aP83 | ||
| 526 | _aP82 | ||
| 526 | _aP79 | ||
| 526 | _aP78 | ||
| 526 | _aP75 | ||
| 526 | _aP74 | ||
| 526 | _aP71 | ||
| 526 | _aP69 | ||
| 526 | _a P51 | ||
| 526 | _aP49 | ||
| 526 | _aP48 | ||
| 526 | _aP47 | ||
| 526 | _aP33 | ||
| 526 | _aP31 | ||
| 526 | _a P30 | ||
| 526 | _aP29 | ||
| 526 | _aP27 | ||
| 526 | _aP26 | ||
| 526 | _aP25 | ||
| 526 | _aP24 | ||
| 526 | _a P22 | ||
| 526 | _aP10 | ||
| 526 | _aP09 | ||
| 526 | _a P08 | ||
| 526 | _aP06 | ||
| 526 | _aP05 | ||
| 526 | _aP04 | ||
| 526 | _aP01 | ||
| 541 | _g0020-0000879; | ||
| 541 | _g015-0016267; | ||
| 541 | _g002-00002111; | ||
| 650 | 0 | 4 | _aBiotecnología. |
| 650 | 0 | 4 | _aIndustrias alimenticias. |
| 650 | 0 | 4 | _aMaterias primas. |
| 700 | 1 |
_aGarcía Garibay, Mariano, _ecompilador. |
|
| 700 | 1 |
_aLópez-Munguía Canales, Agustín, _ecompilador |
|
| 700 | 1 |
_aQuintero Ramírez, Rodolfo, _ecompilador |
|
| 910 |
_agl _clch _d20140212 |
||
| 910 |
_ajta _bwelc _cwelc _d20191202 |
||
| 942 |
_2ddc _cBOOK |
||
| 949 |
_a664.024 G25 2005 _wDEWEY _c1 _i56970 _d2016-5-3 _e2016-4-27 _lCCODEBUL1 _mBUL _n2 _p69.00 _r0 _sY _tBOOK _u2015-6-25 _xINGENIERIA _PP26 _0COMPRA _o.STAFF. Colección General |
||
| 949 |
_a664.024 G25 2009 _wDEWEY _c1 _i60728 _d2016-5-23 _e2016-5-23 _mBUL _n3 _p80.00 _r0 _sY _tBOOK _u2015-7-6 _xINGENIERIA _PP26 _o.STAFF. Colección General |
||
| 949 |
_a664.024 G25 2012 _wDEWEY _c1 _i69474 _lCATALOGING _mBUL _p80.00 _r0 _sY _tBOOK _u2016-9-20 _xINGENIERIA _PP26 _0COMPRA _o.STAFF. Colección FIA |
||
| 949 |
_a664.024 G25 2015 _wDEWEY _c1 _i73971 _lCCODEBUL1 _mBUL _p81.33 _r0 _sY _tBOOK _u2016-7-4 _xINGENIERIA _PP24 _0COMPRA _o.STAFF. Colección General |
||
| 949 |
_a664.024 G25 2005 _wDEWEY _c1 _iFJ07906 _lCCODEBUJ1 _mBUJ _p69.40 _r0 _sY _tBOOK _u2017-10-25 _xINGENIERIA _PP26 _0COMPRA _o.STAFF -- Colección General Juliaca |
||
| 949 |
_a664.024 G25 2015 _wDEWEY _c1 _iFJ12938 _lCCODEBUJ1 _mBUJ _p53.53 _r0 _sY _tBOOK _u2019-12-02 _xINGENIERIA _PP26 _0COMPRA _o.STAFF. Colección General Juliaca |
||
| 994 |
_aC0 _bPEPRU |
||
| 596 | _a1 3 | ||
| 999 |
_a664.024 G25 2005 _wDEWEY _c46109 _i56970 _d46109 _e2018-9-7 _f2021-11-9 _g7 _lCCODEBUL1 _mBUL _n4 _p69.00 _r0 _sY _tBOOK _u2015-6-25 _xINGENIERIA _PP26 _0COMPRA _o.STAFF. Colección General |
||
| 999 |
_a664.024 G25 2009 _wDEWEY _c1 _i60728 _d2018-5-3 _e2016-5-23 _f2021-11-9 _g4 _lCCODEBUL1 _mBUL _n3 _p80.00 _q1 _r0 _sY _tBOOK _u2015-7-6 _xINGENIERIA _PP26 _0COMPRA _o.STAFF. Colección Ingeniería y Arquitectura |
||
| 999 |
_a664.024 G25 2015 _wDEWEY _c1 _i73971 _d2019-5-29 _e2019-5-27 _f2021-11-9 _g7 _lCCODEBUL1 _mBUL _n4 _p81.33 _r0 _sY _tBOOK _u2016-7-4 _xINGENIERIA _PP24 _0COMPRA _o.STAFF. Colección General |
||
| 999 |
_a664.024 G25 2012 _wDEWEY _c1 _i69474 _d2018-7-19 _e2017-9-19 _f2021-11-9 _g7 _lCCODEBUL1 _mBUL _n1 _p80.00 _q1 _r0 _sY _tBOOK _u2016-9-20 _xINGENIERIA _PP26 _0COMPRA _o.STAFF. Colección FIA |
||
| 999 |
_a664.024 G25 2005 _wDEWEY _c1 _iFJ07906 _d2018-9-4 _e2018-8-31 _f2022-2-1 _g4 _lCCODEBUJ1 _mBUJ _n2 _p69.40 _q4 _r0 _sY _tBOOK _u2017-5-31 _xINGENIERIA _PP26 _0COMPRA _o.STAFF. Colección General Juliaca |
||
| 999 |
_a664.024 G25 2015 _wDEWEY _c1 _iFJ12938 _f2022-2-1 _g2 _lCCODEBUJ1 _mBUJ _p53.53 _r0 _sY _tBOOK _u2019-12-2 _xINGENIERIA _PP26 _0COMPRA _1FCOMPR4 _o.STAFF. Colección General Juliaca |
||
| 980 |
_81 _gALBERTO SANCHEZ Responsable de Automatización |
||